000 01028nam a2200265 i 4500
001 bg
100 1 _aDąbrowska-Milewska, Grażyna M.
245 1 0 _aWielorodzinna architektura mieszkaniowa Białegostoku 1990-2004 :
_buwarunkowania społeczne, ekonomiczne i przestrzenne /
_cGrażyna M. Dąbrowska-Milewska.
260 _aBiałystok :
_bWydawnictwo Politechniki Białostockiej,
_c2006.
300 _a262 s. :
_bil. (w tym kolor.) ;
_c25 cm.
490 1 _aRozprawy Naukowe / Politechnika Białostocka,
_x0867-096X ;
_vnr 129
504 _aBibliogr. s. 247-253.
546 _aStreszcz. ang.
650 9 _aArchitektura polska
_yod 1990 r.
650 9 _aBudownictwo mieszkaniowe
_zPolska
_yod 1990 r.
650 9 _aUrbanistyka
_zPolska
_yod 1989 r.
830 0 _aRozprawy Naukowe - Politechnika Białostocka
_x0867-096X
_vnr 129
022 _a0867096X
040 _cBPK
041 0 _apol
044 _aPOL
080 _a728.2:332.8:711.4/.8](438.151)"1990/2004"
942 _cKS
008 s pl f |000 0 pol
999 _c55359
_d55359
856 _uhttp://koha.tu.koszalin.pl/cgi-bin/koha/opac-detail.pl?biblionumber=55359
_yKatalog online BPK